Statistics for Countries with Type-In Shortcuts on Jetpunk

Click here to take the quiz!

General Stats

  • This quiz has been taken 78 times
  • The average score is 9 of 19

Answer Stats

Answer% Correct
UK (United Kingdom)
92%
USA (United States)
90%
DR (Dominican Republic)
85%
UAE (United Arab Emirates)
83%
DRC (Congo)
80%
CAR (Central African Republic)
62%
PNG (Papua New Guinea)
57%
NZ (New Zealand)
55%
ROC (Taiwan)
50%
FSM (Micronesia)
42%
PRC (China)
40%
DPRK (North Korea)
38%
ROK (South Korea)
38%
KSA (Saudi Arabia)
33%
FYROM (North Macedonia)
25%
Czechia (Czech Republic)
18%
Burma (Myanmar)
17%
Holland (Netherlands)
12%
Ceylon (Sri Lanka)
10%

Score Distribution

Percentile by Number Answered

Percent of People with Each Score

Your Score History

You have not taken this quiz